Film français : I... comme Icare - Statistiques

Statistiques générales
  • Ce quiz a été pris 17 fois
  • Le résultat moyen est 6 sur 15
Statistiques - réponses
Questions Réponses % Correct
Président des États-Unis d'Amérique dont l'assassinat a fortement inspiré le film. John Fitzgerald Kennedy
80%
Acteur jouant le rôle du Procureur Henri Volney Yves Montand
80%
Complétez cette réplique de Daslow : "Quand on ordonne à un pilote de lâcher une ____ sur une ville, il ne se demande pas si c'est bien ou mal de lâcher la _____. Il lâche la _____." Bombe
67%
Substance sécrétée par les abeilles avec laquelle Icare fabriqua ses ailes et qui fondit à mesure qu'il approcha du soleil. De la cire
53%
Année de sortie du film. 1979
47%
Compositeur italien de la bande originale du film. Ennio Morricone
47%
Roi légendaire de Crète qui enferma Icare dans un labyrinthe duquel ce dernier s'échappa grâce à des ailes qu'il fabriqua. Minos
47%
Université du Connecticut dans les locaux de laquelle ont eu lieu la majorité des variantes de l'expérience. Cette université est citée dans le film par un anagramme. L'Université de Yale
33%
Film du même réalisateur avec Jean-Paul Belmondo dans le rôle principal et dans lequel le nom de ce roi légendaire crétois est le surnom d'un tueur en série. Peur sur la ville
33%
Complétez cette réplique du personnage d'Hélène Morea, épouse du Procureur Volney : "Si on considère le soleil comme le symbole de la ____, alors Icare se brûle les ailes parce qu'il s'approche de trop près de la grande _____." Vérité
27%
Réalisateur, coscénariste et producteur du film. Henri Verneuil
20%
Commission qui s'est penchée sur cet assassinat et qui est représentée dans le film par la "Commission Heiniger". La Commission Warren
13%
Expérience de psychologie publiée aux États-Unis d'Amérique en 1963 sur le degré d'obéissance, de soumission des individus à une autorité supérieure malgré des ordres manifestement cruels à exécuter contre des innocents. L'expérience a été librement reconstituée dans le film. L'expérience de Milgram
13%
Film ultérieur de Jacques Deray dans lequel Didier Sauvegrain joue le rôle d'un voyou aux côtés de Jean-Paul Belmondo. Dans I... comme Icare, Sauvegrain joue le rôle de l'assassin présumé du Président Marc Jary (Gabriel Cattand) : Karl-Éric Daslow. Le Marginal
7%
Acteur qui joue le rôle de Charly Feruda, collaborateur de Volney. Il tourna également dans neuf films avec Jean-Paul Belmondo dont "Le Solitaire", "Le Guignolo", "Le Professionnel" ou encore "Week-end à Zuydcoote". Pierre Vernier
7%
Aucun quiz correspondant
Distribution des résultats
% des personnes avec chaque résultat
Percentile par nombre de réponses
Votre historique - résultats
Vous n’avez pas pris ce quiz